000 00819nam a22002537a 4500
001 5851
003 FISKH
005 20250124161658.0
008 250124b cb ||||| |||| 00| 0 eng d
020 _a9780756642488
040 _aFISKH
_beng
_cFISKH
_dFISKH
050 _aQB46.L744
082 _a520
100 _aLippincott, Kristen
245 _aAstronomy /
_cby Kristen Lippincott
260 _aLondon :
_bDKPublishing ,
_c1992.
300 _a72 pages :
_bcolor illustrations , with CD ;
_c28 cm .
490 _aEyewitness Books
520 _aLooks at the history of astronomy, identifies important astronomers, and summarizes what is known about the Sun, Moon, planets, and stars.
650 _aastronomy
_vnon-fiction
700 _aJones, Charyn
_eProject editor
942 _2ddc
_cBK
_n0
999 _c5851
_d5851